| 000 | 00626cam a2200169 a 4500 | ||
|---|---|---|---|
| 082 | 0 | 0 |
_a665.744 _bADV _cL-37, P-149 |
| 245 | 0 | 0 |
_aAdvances in offshore oil & gas pipeline technology / _cedited by R. F. de la Mare. |
| 260 |
_aHouston : _bGulf Pub. Co., _c1985. |
||
| 300 |
_aix, 383 p. : _bill. ; _c25 cm. |
||
| 526 |
_a0 _b0 _c0 _d665_744000000000000_ADV |
||
| 650 | 0 |
_aMCE _9379 |
|
| 650 | 0 |
_aNatural gas pipelines _xCongresses. _944822 |
|
| 650 | 0 |
_aPetroleum pipelines _xCongresses. _944823 |
|
| 650 | 0 |
_aUnderwater pipelines _xDesign and construction _xCongresses. _944824 |
|
| 700 | 1 |
_aDe la Mare, R. F. _944825 |
|
| 942 |
_2ddc _cBK |
||
| 999 |
_c548495 _d548495 |
||